Directors of Christian Bale Movies - Statistics

General Stats
  • This quiz has been taken 66 times
  • The average score is 22 of 49
Answer Stats
Year Movie Director % Correct
2012 The Dark Knight Rises Christopher Nolan
100%
2008 The Dark Knight Christopher Nolan
100%
2006 The Prestige Christopher Nolan
100%
2005 Batman Begins Christopher Nolan
100%
2018 Vice Adam McKay
88%
2015 The Big Short Adam McKay
88%
1987 Empire of the Sun Steven Spielberg
86%
2022 Amsterdam David O. Russell
84%
2013 American Hustle David O. Russell
84%
2010 The Fighter David O. Russell
84%
2023 The Boy and the Heron Hayao Miyazaki
82%
2004 Howl's Moving Castle Hayao Miyazaki
82%
2019 Ford v Ferrari James Mangold
80%
2007 3:10 to Yuma James Mangold
80%
2022 Thor: Love and Thunder Taika Waititi
76%
2014 Exodus: Gods and Kings Ridley Scott
69%
2009 Public Enemies Michael Mann
65%
1989 Henry V Kenneth Branagh
61%
2015 Knight of Cups Terrence Malick
53%
2005 The New World Terrence Malick
53%
2000 American Psycho Mary Harron
51%
2018 Mowgli: Legend of the Jungle Andy Serkis
47%
2009 Terminator Salvation McG
47%
2022 The Pale Blue Eye Scott Cooper
39%
2017 Hostiles Scott Cooper
39%
2013 Out of the Furnace Scott Cooper
39%
2004 The Machinist Brad Anderson
33%
2007 I'm Not There Todd Haynes
33%
1998 Velvet Goldmine Todd Haynes
33%
2000 Shaft John Singleton
31%
2005 Harsh Times David Ayer
27%
2002 Equilibrium Kurt Wimmer
27%
2006 Rescue Dawn Werner Herzog
27%
1996 The Portrait of a Lady Jane Campion
24%
1994 Little Women Gillian Armstrong
16%
1992 Newsies Kenny Ortega
12%
1987 Mio in the Land of Faraway Vladimir Grammatikov
12%
2011 The Flowers of War Zhang Yimou
12%
2002 Laurel Canyon Lisa Cholodenko
10%
1995 Pocahontas Mike Gabriel & Eric Goldberg
10%
2001 Captain Corelli's Mandolin John Madden
8%
2002 Reign of Fire Rob Bowman
8%
1993 Swing Kids Thomas Carter
8%
1996 The Secret Agent Christopher Hampton
6%
1994 Royal Deceit / Prince of Jutland Gabriel Axel
6%
1998 All the Little Animals Jeremy Thomas
6%
1999 A Midsummer Night's Dream Michael Hoffman
6%
1997 Metroland Philip Saville
6%
2016 The Promise Terry George
6%
No matching quizzes found
Score Distribution
Percent of People with Each Score
Percentile by Number Answered
Your Score History
You have not taken this quiz